|
|
|
|
| LEADER |
00000nam0a2200000 4500 |
| 001 |
298744 |
| 005 |
20231102001132.0 |
| 035 |
|
|
|a (RuTPU)RU\TPU\book\323887
|
| 090 |
|
|
|a 298744
|
| 100 |
|
|
|a 20150620d1977 k y0rusy50 ca
|
| 101 |
0 |
|
|a rus
|
| 102 |
|
|
|a RU
|
| 105 |
|
|
|a a z 001zy
|
| 200 |
1 |
|
|a Эксплуатационная надежность электросетей сельскохозяйственного назначения
|f Р. Я. Федосенко, А. Я. Мельников
|
| 210 |
|
|
|a Москва
|c Энергия
|d 1977
|
| 215 |
|
|
|a 320 с.
|c ил.
|
| 320 |
|
|
|a Библиогр.: с. 316-318.
|
| 606 |
1 |
|
|a Электрические сети, сельские
|x Эксплуатация
|2 stltpush
|3 (RuTPU)RU\TPU\subj\27533
|9 51272
|
| 610 |
1 |
|
|a надежность
|
| 610 |
1 |
|
|a электрические нагрузки
|
| 610 |
1 |
|
|a качество
|
| 610 |
1 |
|
|a электроснабжение
|
| 610 |
1 |
|
|a окружающая среда
|
| 610 |
1 |
|
|a управление
|
| 610 |
1 |
|
|a воздушные линии электропередачи
|
| 610 |
1 |
|
|a техническое обслуживание
|
| 610 |
1 |
|
|a силовые трансформаторы
|
| 610 |
1 |
|
|a подстанции
|
| 610 |
1 |
|
|a ремонт
|
| 610 |
1 |
|
|a материально-техническое снабжение
|
| 675 |
|
|
|a 621.311.1.004
|v 3
|
| 700 |
|
1 |
|a Федосенко
|b Р. Я.
|g Радий Яковлевич
|
| 701 |
|
1 |
|a Мельников
|b А. Я.
|g Александр Яковлевич
|
| 801 |
|
1 |
|a RU
|b 63413507
|c 20150620
|
| 801 |
|
2 |
|a RU
|b 63413507
|c 20150721
|g RCR
|
| 942 |
|
|
|c BK
|